| 000 | 01406cam a2200385 i 4500 | ||
|---|---|---|---|
| 001 | 34355 | ||
| 003 | KOSZ 005 | ||
| 005 | 20220916094455.0 | ||
| 008 | 980715s1996 pl a f f |000 0 pol d | ||
| 015 | _aPB 1997/5151 | ||
| 020 | _a8386543418 | ||
| 035 | _a(OCoLC)835699273 | ||
| 040 |
_aWA N _cWA N _dKOSZ 005/HR |
||
| 046 | _k1996 | ||
| 080 | _a657.47 | ||
| 080 | _a658.14/.17 | ||
| 245 | 0 | 0 |
_aRachunek kosztów : _bpraca zbiorowa. _nT. 1 / _cpod red. Kazimierza Sawickiego ; [współaut. Anna Buczkowska et al.] ; Fundacja Rozwoju Rachunkowości w Polsce. |
| 260 |
_aWarszawa : _bnakł. FRR, _c1996. |
||
| 300 |
_a[2], IV, 358 s. : _brys., wykr. ; _c24 cm. |
||
| 336 |
_2rdacontent _aTekst _btxt |
||
| 337 |
_2rdamedia _aBez urządzenia pośredniczącego _bn |
||
| 338 |
_2rdacarrier _aWolumin _bnc |
||
| 380 | _aKsiążki | ||
| 388 | _a1901-2000 | ||
| 388 | _a1989-2000 | ||
| 504 | _aBibliogr. przy rozdz. | ||
| 650 | 4 | _aFinanse przedsiębiorstwa | |
| 650 | 4 | _aRachunek kosztów | |
| 658 | _aGospodarka, ekonomia, finanse | ||
| 700 | 1 |
_aBuczkowska, Anna _c(rachunkowość) _eAutor |
|
| 700 | 1 |
_aSawicki, Kazimierz _d(1926-2021) _eRedakcja |
|
| 710 | 2 | _aFundacja Rozwoju Rachunkowości w Polsce | |
| 856 |
_uhttp://koha.tu.koszalin.pl/cgi-bin/koha/opac-detail.pl?biblionumber=34355 _yKatalog online BPK |
||
| 942 |
_2UKD _cKS |
||
| 999 |
_c34355 _d34355 |
||